01370cam a2200277 a 4500999001700000001000800017005001700025008004100042010001700083020002100100042000900121050002100130245003700151260004700188300003200235500002700267500002000294505028400314520022000598650003900818650002900857700002000886710003100906942003300937952012200970 c18815d18815352518920170114094132.0960729s1997 ctua c b 001 0 eng  a 96027606  a0717276171 (set) alcac00aR130.5 .D57 199700aDiseases /cBryan Bunch, editor. aDanbury, CT :bGrolier Educational,c1997. a8 v. :bcol. ill. ;c26 cm. a"A Hudson Group book." aIncludes index.0 av. 1. Abscess to bone diseases -- v. 2. Bones to dermatitis -- v. 3. Detached retina to gallstones -- v. 4. Gangrene to infantile paralysis -- v. 5. Infants and disease to multiple sclerosis -- v. 6. Mumps to polyps -- v. 7. Porphyrias to spasm -- v. 8. Spider bites to zoonoses. aAlphabetically arranged articles present medical information on more than 400 diseases, discussing sources, symptoms, stages of the disease, its likelihood of striking, treatments, prevention, and long-term effects. 0aDiseasesxEncyclopedias, Juvenile. 1aDiseasesxEncyclopedias.1 aBunch, Bryan H.2 aGrolier Educational (Firm) 2lcccBOOKShR130.5 .D57 1997 00102lcc4070aMUCbMUCcTECHd2017-01-14eDonation(BFA)l0oR130.5 .D57 1997p28512r2018-06-08w2017-01-14yBOOKS